| 000 | 00415nam a2200157Ia 4500 | ||
|---|---|---|---|
| 005 | 20250429172954.0 | ||
| 008 | 231217s9999 xx 000 0 und d | ||
| 020 | _a9780761936282 | ||
| 082 | _a658.408 AGA;1 R | ||
| 100 | _aAgarwal, Sanjay K. | ||
| 245 | 0 | _aCorporate social responsibility in India | |
| 260 |
_c2008 _bResponse _aNew Delhi |
||
| 300 | _a351 | ||
| 500 | _aContent page available | ||
| 942 | _cAA | ||
| 999 |
_c182844 _d182844 |
||